Statistics for Star Wars: The Clone Wars (film) A-Z

Click here to take the quiz!

General Stats

  • This quiz has been taken 19 times
  • The average score is 12 of 24

Answer Stats

LetterHintAnswer% Correct
AAnakin Skywalker's PadawanAhsoka Tano
100%
BRobots designed for combatBattle Droid
94%
JHutt crime lord of TatooineJabba
88%
MJedi with a purple lightsaberMace Windu
88%
YShort, green Jedi MasterYoda
88%
PSenator who represents the people of NabooPadmé Amidala
82%
DA type of droid that rolls around and are equipped with a shield generatorDroideka
71%
ZHutt crime lord's uncleZiro
71%
GA democratic supranational union of sovereign star systemsGalactic Republic
59%
RThe Hutt crime lord's sonRotta
59%
SAnother name for The Confederacy of Independent SystemsSeparatist
53%
VUnmanned model of droid starfighterVulture Droid
47%
CA planet covered in naturally occurring, turquoise crystal spiresChristophsis
41%
HA device for starfighters with no on-board hyperdrive{Hyperspace} Transport Ring
41%
QHumanoid, squid-like sentient speciesQuarren
41%
FThe nickname of clone trooper CC-1010Fox
35%
LA line of gunship used by the Grand Army of the RepublicLow Altitude Assault Transport (LAAT)
35%
IDroid bodyguards that use electrostaffsIG-100 MagnaGuard
29%
TA jungle planet located in Wild Space with B'omarr monasteriesTeth
29%
EQuadruped mammalian herbivores native to the planet TatooineEopie
12%
KAn IG-86 sentinel droid who was taken away and dismantledKRONOS-327
12%
OA model of three-legged droid walker manufactured by the Techno UnionOctuptarra Tri-droid
12%
WA male Kerkoiden general for the Confederacy of Independent SystemsWhorm Loathsom
12%
NA flying creature found throughout the galaxyNeebray
6%

Score Distribution

Percentile by Number Answered

Percent of People with Each Score

Your Score History

You have not taken this quiz